[Event "Maia op 5th"]
[Site "Maia"]
[Date "2021.09.03"]
[Round "5"]
[White "Lortkipanidze, Nodar"]
[Black "Guimaraes, Rui"]
[Result "1-0"]
[WhiteElo "2429"]
[BlackElo "2193"]
[PlyCount "83"]
[EventDate "2021.08.30"]
[EventType "swiss"]
[EventRounds "7"]
[EventCountry "POR"]
[SourceTitle "CBM 204 Extra"]
[Source "ChessBase"]
[SourceDate "2021.11.30"]
[SourceVersion "1"]
[SourceVersionDate "2021.11.30"]
[SourceQuality "1"]

1. c4 f5 2. g3 Nf6 3. d4 c5 4. d5 e5 5. dxe6 dxe6 6. Qxd8+ Kxd8 7. Bg2 Bd6 8. Nc3 a6 9. Bf4 Bxf4 10. gxf4 Kc7 11. a3 Nc6 12. Bxc6 Kxc6 13. Nf3 Rd8 14. Rg1 g6 15. e3 b5 16. Ne5+ Kb6 17. Ke2 Bb7 18. a4 bxc4 19. a5+ Ka7 20. Nxc4 Be4 21. Ne5 Rac8 22. f3 Bc6 23. Rgd1 Kb7 24. Kf2 Nd5 25. Nc4 Bb5 26. Nxd5 Rxd5 27. Rxd5 exd5 28. Nd6+ Kc7 29. Nxc8 Kxc8 30. Rc1 c4 31. Ke1 Kd7 32. Kd2 Kd6 33. Kc3 Kc5 34. h3 Ba4 35. Ra1 Bc6 36. Rd1 Ba4 37. Rd4 Bc6 38. e4 dxe4 39. fxe4 fxe4 40. Rxc4+ Kd5 41. b4 e3 42. Rc5+ 1-0

[Event "Gaia Profigaia op 17th"]
[Site "Vila Nova de Gaia"]
[Date "2017.06.18"]
[Round "7"]
[White "Silva, Ana Ines Teixeira D"]
[Black "Guimaraes, Rui"]
[Result "0-1"]
[WhiteElo "1775"]
[BlackElo "2141"]
[PlyCount "62"]
[EventDate "2017.06.14"]
[EventType "swiss"]
[EventRounds "7"]
[EventCountry "POR"]
[SourceTitle "CBM 179 Extra"]
[Source "ChessBase"]
[SourceDate "2017.08.23"]
[SourceVersion "1"]
[SourceVersionDate "2017.08.23"]
[SourceQuality "1"]

1. e4 c5 2. Nc3 a6 3. g3 b5 4. Bg2 Bb7 5. d3 e6 6. Nh3 Be7 7. 0-0 b4 8. Ne2 Nf6 9. f4 0-0 10. Nf2 Nc6 11. g4 d5 12. e5 Nd7 13. c3 f6 14. d4 Nb6 15. Kh1 a5 16. dxc5 Bxc5 17. Nd3 Be7 18. Nd4 Nxd4 19. cxd4 Ba6 20. Re1 fxe5 21. fxe5 Rc8 22. Nf4 Qd7 23. b3 Bh4 24. Re3 Rxf4 25. Rh3 Rf2 26. Rxh4 Rcc2 27. Bf4 Rxg2 28. g5 Qf7 29. Rc1 Qf5 30. Bg3 Rgd2 31. Qe1 Qf3+ 0-1

[Event "Gaia Profigaia op 17th"]
[Site "Vila Nova de Gaia"]
[Date "2017.06.17"]
[Round "5"]
[White "Petkov, Vladimir"]
[Black "Guimaraes, Rui"]
[Result "1-0"]
[WhiteElo "2484"]
[BlackElo "2141"]
[PlyCount "85"]
[EventDate "2017.06.14"]
[EventType "swiss"]
[EventRounds "7"]
[EventCountry "POR"]
[SourceTitle "CBM 179 Extra"]
[Source "ChessBase"]
[SourceDate "2017.08.23"]
[SourceVersion "1"]
[SourceVersionDate "2017.08.23"]
[SourceQuality "1"]

1. d4 Nf6 2. Bf4 d5 3. c3 Bf5 4. Qb3 Qc8 5. Nf3 e6 6. e3 Be7 7. Nbd2 h6 8. h3 0-0 9. Be2 Nbd7 10. 0-0 Kh8 11. c4 c6 12. Bh2 Ne4 13. Nxe4 Bxe4 14. Rac1 Nb6 15. cxd5 exd5 16. Ne5 f6 17. Nd3 Nc4 18. Qc3 Bd6 19. Bxd6 Nxd6 20. Nc5 Bf5 21. f3 Re8 22. g4 Bh7 23. Rfe1 Re7 24. Bd3 Bxd3 25. Nxd3 Qe8 26. Kf2 Qf7 27. Qb4 Rd8 28. b3 f5 29. Kg2 Qf6 30. Ne5 Kg8 31. Re2 Rde8 32. Rf1 Nf7 33. f4 Nd6 34. Rf3 Ne4 35. Qe1 fxg4 36. hxg4 b6 37. Rh3 c5 38. g5 hxg5 39. Qh1 g6 40. Kg1 cxd4 41. Reh2 Rxe5 42. Rh8+ Kf7 43. R2h7+ 1-0

[Event "Gaia Profigaia op 17th"]
[Site "Vila Nova de Gaia"]
[Date "2017.06.15"]
[Round "3"]
[White "Oliveira, Maria Alice Ramos"]
[Black "Guimaraes, Rui"]
[Result "0-1"]
[WhiteElo "1561"]
[BlackElo "2141"]
[PlyCount "48"]
[EventDate "2017.06.14"]
[EventType "swiss"]
[EventRounds "7"]
[EventCountry "POR"]
[SourceTitle "CBM 179 Extra"]
[Source "ChessBase"]
[SourceDate "2017.08.23"]
[SourceVersion "1"]
[SourceVersionDate "2017.08.23"]
[SourceQuality "1"]

1. e4 c5 2. Nf3 d6 3. d4 cxd4 4. Nxd4 Nf6 5. Nc3 a6 6. f3 e5 7. Nb3 Be6 8. Be3 Be7 9. Qd2 0-0 10. 0-0-0 b5 11. g4 b4 12. Nd5 Bxd5 13. exd5 a5 14. Kb1 Qc7 15. h4 a4 16. Nc1 Ra5 17. Nd3 Nxd5 18. Nxb4 Nxb4 19. Qxb4 Nd7 20. g5 Rb8 21. Qe4 d5 22. Qf5 Ba3 23. Bc1 Qc3 24. b3 axb3 0-1

[Event "POR-ch rapid"]
[Site "Mirandela"]
[Date "2017.06.03"]
[Round "5"]
[White "Guimaraes, Rui"]
[Black "Pinto, Antonio Manuel Font"]
[Result "1-0"]
[WhiteElo "2141"]
[BlackElo "1574"]
[PlyCount "44"]
[EventDate "2017.06.03"]
[EventType "swiss (rapid)"]
[EventRounds "7"]
[EventCountry "POR"]
[SourceTitle "CBM 178 Extra"]
[Source "ChessBase"]
[SourceDate "2017.06.22"]
[SourceVersion "1"]
[SourceVersionDate "2017.06.22"]
[SourceQuality "1"]

1. e4 c5 2. Nc3 Nc6 3. Bb5 d6 4. Bxc6+ bxc6 5. f4 g6 6. Nf3 Bg7 7. 0-0 Qc7 8. Qe1 Nf6 9. e5 Nd5 10. exd6 Qxd6 11. Ne4 Qxf4 12. d4 Qc7 13. Nxc5 0-0 14. Qh4 e6 15. c4 Ne7 16. Bg5 Nf5 17. Qe4 h5 18. Bf4 Qe7 19. Rad1 Rd8 20. Ne5 Bxe5 21. Bxe5 f6 22. Bf4 e5 1-0

[Event "Coimbra Queima das Fitas op"]
[Site "Coimbra"]
[Date "2017.04.30"]
[Round "4"]
[White "Pereira, Antonio Pedro Caram"]
[Black "Guimaraes, Rui"]
[Result "0-1"]
[WhiteElo "2137"]
[BlackElo "2100"]
[PlyCount "75"]
[EventDate "2017.04.28"]
[EventType "swiss"]
[EventRounds "7"]
[EventCountry "POR"]
[SourceTitle "CBM 178 Extra"]
[Source "ChessBase"]
[SourceDate "2017.06.22"]
[SourceVersion "1"]
[SourceVersionDate "2017.06.22"]
[SourceQuality "1"]

1. d4 Nf6 2. c4 c5 3. d5 b5 4. cxb5 a6 5. b6 e6 6. Nc3 Bb7 7. e4 Qxb6 8. Nf3 Be7 9. Be2 d6 10. dxe6 fxe6 11. Bc4 d5 12. exd5 0-0 13. dxe6 Nc6 14. 0-0 Rad8 15. Qe2 Nd4 16. Nxd4 cxd4 17. Nd1 Nd5 18. Bd3 Nb4 19. Bd2 Nxd3 20. Qxd3 Qxe6 21. Re1 Qf7 22. Rc1 Bd6 23. a3 Qh5 24. h3 Rf3 25. Qe2 Kh8 26. Qe6 Rf6 27. Qg4 Qd5 28. Bg5 Rg8 29. f3 Rg6 30. h4 h6 31. Nf2 hxg5 32. Ne4 Rh6 33. Nxg5 Rf8 34. Re6 Rxe6 35. Nxe6 Rf7 36. Ng5 Kg8 37. Qh5 Qf5 38. g4 0-1

[Event "Coimbra Queima das Fitas op"]
[Site "Coimbra"]
[Date "2017.04.29"]
[Round "3"]
[White "Guimaraes, Rui"]
[Black "Silva, Ana Ines Teixeira D"]
[Result "1-0"]
[WhiteElo "2100"]
[BlackElo "1771"]
[PlyCount "85"]
[EventDate "2017.04.28"]
[EventType "swiss"]
[EventRounds "7"]
[EventCountry "POR"]
[SourceTitle "CBM 178 Extra"]
[Source "ChessBase"]
[SourceDate "2017.06.22"]
[SourceVersion "1"]
[SourceVersionDate "2017.06.22"]
[SourceQuality "1"]

1. e4 c6 2. Nf3 d5 3. Nc3 Bg4 4. d4 e6 5. h3 Bxf3 6. Qxf3 dxe4 7. Qxe4 Nf6 8. Qd3 Bd6 9. Be2 0-0 10. 0-0 Qc7 11. Bg5 Nbd7 12. Qf3 Rfe8 13. Bd3 Qb6 14. Rad1 e5 15. d5 cxd5 16. Nxd5 Nxd5 17. Qxd5 Nc5 18. Bc4 Qc7 19. Qxd6 Qxd6 20. Rxd6 Ne4 21. Rd7 Nxg5 22. Rxb7 a5 23. f4 exf4 24. Rxf4 Re1+ 25. Kf2 Rc1 26. Bxf7+ Nxf7 27. Rfxf7 Rxc2+ 28. Kg3 Rxb2 29. Rxg7+ Kh8 30. Rxh7+ Kg8 31. Rxb2 Kxh7 32. Rb5 a4 33. Rb4 Kg6 34. a3 Ra5 35. Kf3 Kh5 36. Rf4 Kg5 37. g4 Kg6 38. h4 Ra7 39. Rc4 Rf7+ 40. Ke4 Re7+ 41. Kd5 Ra7 42. Kc6 Ra6+ 43. Kb5 1-0

[Event "Lisbon Portugal op"]
[Site "Lisbon"]
[Date "2017.02.10"]
[Round "9"]
[White "Bebchuk, Leonid"]
[Black "Guimaraes, Rui"]
[Result "0-1"]
[WhiteElo "2028"]
[BlackElo "2126"]
[PlyCount "136"]
[EventDate "2017.02.04"]
[EventType "swiss"]
[EventRounds "9"]
[EventCountry "POR"]
[SourceTitle "CBM 176 Extra"]
[Source "ChessBase"]
[SourceDate "2017.03.02"]
[SourceVersion "1"]
[SourceVersionDate "2017.03.02"]
[SourceQuality "1"]

1. e4 c5 2. Ne2 d6 3. g3 Nc6 4. Bg2 g6 5. c3 Bg7 6. d4 b6 7. 0-0 Bb7 8. Be3 Nf6 9. h3 0-0 10. Nd2 Rc8 11. d5 Na5 12. c4 Ba6 13. Qc2 b5 14. b3 Nd7 15. Rab1 bxc4 16. bxc4 Nb6 17. Rfe1 Naxc4 18. Nxc4 Nxc4 19. Qa4 Qa5 20. Qxa5 Nxa5 21. Bf1 Bd3 22. Rbd1 Bc2 23. Rc1 Bd3 24. Nf4 Bxf1 25. Kxf1 Rb8 26. Bd2 Rb5 27. a4 Nb3 28. axb5 Nxd2+ 29. Ke2 Nb3 30. Rc4 Nd4+ 31. Kf1 Nxb5 32. Nd3 Bd4 33. Nc1 a5 34. Ne2 Bg7 35. Ra4 Ra8 36. Rb1 Nc3 37. Nxc3 Bxc3 38. Rb7 Kf8 39. Ke2 Bb4 40. Kd3 Re8 41. Ra2 e6 42. dxe6 Rxe6 43. f3 g5 44. Ra7 h5 45. Rh2 Rf6 46. Ke3 c4 47. Ra8+ Kg7 48. h4 g4 49. f4 Re6 50. Kd4 Be1 51. Rg2 Re7 52. Kxc4 Rxe4+ 53. Kd5 Re3 54. Kxd6 Bxg3 55. Rxa5 Bxf4+ 56. Kd7 Kg6 57. Rc2 f6 58. Rc8 Be5 59. Rg8+ Kf7 60. Raa8 Rd3+ 61. Kc6 g3 62. Raf8+ Ke6 63. Rg6 Kf5 64. Rfg8 Rd4 65. Rh6 Rxh4 66. Kc5 Bf4 67. Rh7 Bg5 68. Rd7 g2 0-1

[Event "POR Circuit rapid"]
[Site "Matosinhos"]
[Date "2016.10.30"]
[Round "4"]
[White "Guimaraes, Rui"]
[Black "Ferreira, Hugo Miguel da Cost"]
[Result "0-1"]
[WhiteElo "2100"]
[BlackElo "1949"]
[PlyCount "70"]
[EventDate "2016.10.30"]
[EventType "tourn (rapid)"]
[EventRounds "7"]
[EventCountry "POR"]
[SourceTitle "EXT 2018"]
[Source "ChessBase"]
[SourceDate "2017.10.13"]
[SourceVersion "1"]
[SourceVersionDate "2017.10.13"]
[SourceQuality "1"]

1. e4 c5 2. Nc3 e6 3. g3 Nc6 4. Bg2 Nf6 5. Nge2 a6 6. 0-0 Be7 7. f4 d6 8. h3 0-0 9. d3 Qc7 10. g4 b5 11. Ng3 Bb7 12. g5 Ne8 13. f5 Ne5 14. Bf4 exf5 15. Nxf5 Ng6 16. Bd2 c4 17. h4 cxd3 18. cxd3 Ne5 19. Bf4 b4 20. Nd5 Bxd5 21. exd5 Rc8 22. Rc1 Qa7+ 23. d4 Rxc1 24. Bxc1 Bd8 25. b3 Ng6 26. Be4 Ne7 27. Ng3 Bb6 28. Be3 Nc7 29. Qh5 g6 30. Qh6 Bxd4 31. Nh5 f5 32. Kg2 Nexd5 33. Bxd5+ Nxd5 34. Bxd4 Qxd4 35. Ng3 Ne3+ 0-1

[Event "POR Circuit rapid"]
[Site "Matosinhos"]
[Date "2016.10.30"]
[Round "5"]
[White "Sousa, Nuno Miguel Vale"]
[Black "Guimaraes, Rui"]
[Result "0-1"]
[WhiteElo "1999"]
[BlackElo "2100"]
[PlyCount "140"]
[EventDate "2016.10.30"]
[EventType "tourn (rapid)"]
[EventRounds "7"]
[EventCountry "POR"]
[SourceTitle "EXT 2018"]
[Source "ChessBase"]
[SourceDate "2017.10.13"]
[SourceVersion "1"]
[SourceVersionDate "2017.10.13"]
[SourceQuality "1"]

1. e4 d6 2. d4 Nf6 3. Nc3 c6 4. a4 Qc7 5. f4 e5 6. Nf3 Bg4 7. Be2 Nbd7 8. 0-0 Be7 9. Be3 0-0 10. h3 Bxf3 11. Bxf3 Rad8 12. Qe1 Nb6 13. b3 Rfe8 14. Qg3 Bf8 15. a5 Nc8 16. dxe5 dxe5 17. f5 b5 18. axb6 axb6 19. Bg5 Be7 20. Bh6 Bf8 21. Bg5 Rd6 22. Rad1 Nd7 23. f6 Nxf6 24. Rxd6 Qxd6 25. Nd1 Nd7 26. Ne3 Qc5 27. Kh2 f6 28. b4 Qc3 29. Bg4 fxg5 30. Bxd7 Rd8 31. Be6+ Kh8 32. Qxg5 Be7 33. Qg3 Nd6 34. Nf5 Qxg3+ 35. Nxg3 Nb5 36. c4 Nd4 37. Bg4 Bxb4 38. Rf7 b5 39. cxb5 cxb5 40. Nh5 Bf8 41. Rb7 b4 42. Ng3 g6 43. Nf1 h5 44. Bd7 Kg7 45. Ne3 Kh6 46. Nd5 Kg5 47. g3 Bc5 48. h4+ Kh6 49. Nf6 g5 50. Bf5 Rh8 51. hxg5+ Kxg5 52. Nh7+ Kh6 53. Nf6 Nxf5 54. exf5 Rd8 55. Rh7+ Kg5 56. Ne4+ Kxf5 57. Nxc5 Kg4 58. Rg7+ Kf3 59. Rg5 Rd2+ 60. Kh3 e4 61. Rf5+ Ke3 62. Re5 Rd4 63. Kh4 Kf3 64. Rf5+ Kg2 65. Re5 Kf3 66. Rf5+ Ke2 67. Rf4 Ke3 68. Kxh5 Rc4 69. Nb3 Rc3 70. Na5 Rc5+ 0-1

[Event "POR-chT"]
[Site "Porto"]
[Date "2016.08.17"]
[Round "5.17"]
[White "Guimaraes, Rui"]
[Black "Silva, Luis Neves Da"]
[Result "0-1"]
[WhiteElo "2106"]
[BlackElo "2276"]
[PlyCount "66"]
[EventDate "2016.08.14"]
[EventType "team-tourn"]
[EventRounds "9"]
[EventCountry "POR"]
[SourceTitle "CBM 173 Extra"]
[Source "ChessBase"]
[SourceDate "2016.08.29"]
[SourceVersion "1"]
[SourceVersionDate "2016.08.29"]
[SourceQuality "1"]
[WhiteTeam "GX 113"]
[BlackTeam "Didaxis"]
[WhiteTeamCountry "POR"]
[BlackTeamCountry "POR"]

1. e4 c5 2. Nc3 a6 3. f4 b5 4. Be2 Bb7 5. Bf3 e6 6. Nge2 d5 7. Ng3 b4 8. Nce2 Nf6 9. e5 Nfd7 10. 0-0 Nc6 11. c3 c4 12. b3 a5 13. Kh1 h5 14. Nd4 Nxd4 15. cxd4 cxb3 16. f5 h4 17. fxe6 hxg3 18. exd7+ Qxd7 19. Bh5 g6 20. e6 Qe7 21. Rxf7 Qxe6 22. Rxb7 Rxh5 23. Bb2 Rxh2+ 24. Kg1 0-0-0 25. Rb5 Rd7 26. Rc1+ Rc7 27. Rxa5 Qf5 28. Rxc7+ Kxc7 29. Qe1 Bd6 30. Rc5+ Bxc5 31. dxc5 Qf2+ 32. Qxf2 gxf2+ 33. Kxf2 bxa2 0-1

[Event "Gaia Profigaia op 9th"]
[Site "Vila Nova de Gaia"]
[Date "2016.06.27"]
[Round "6"]
[White "Silva, Ana Ines Teixeira D"]
[Black "Guimaraes, Rui"]
[Result "0-1"]
[WhiteElo "1791"]
[BlackElo "2119"]
[PlyCount "121"]
[EventDate "2016.06.24"]
[EventType "swiss"]
[EventRounds "7"]
[EventCountry "POR"]
[SourceTitle "EXT 2018"]
[Source "ChessBase"]
[SourceDate "2017.10.13"]
[SourceVersion "1"]
[SourceVersionDate "2017.10.13"]
[SourceQuality "1"]

1. e4 c5 2. Nc3 e6 3. g3 Nc6 4. Bg2 Nf6 5. Nge2 Be7 6. 0-0 0-0 7. h3 a6 8. d4 cxd4 9. Nxd4 Qc7 10. Be3 Na5 11. e5 Qxe5 12. Bf4 Qh5 13. g4 Qc5 14. Na4 Qa7 15. Be3 Qb8 16. Nb6 Ra7 17. Nb3 Nxb3 18. axb3 d5 19. Nxc8 Rxc8 20. Bxa7 Qxa7 21. c3 Qb6 22. g5 Ne8 23. h4 Nd6 24. Re1 Nf5 25. Ra4 Bc5 26. Qc2 Qd6 27. Rg4 Ba7 28. h5 Bb8 29. g6 Qh2+ 30. Kf1 Qxh5 31. gxf7+ Kxf7 32. Qe2 Qh6 33. Qd3 Qf6 34. Bxd5 exd5 35. Qxd5+ Kf8 36. Qxb7 Rd8 37. Qb4+ Kg8 38. Qc4+ Kh8 39. Qe4 Ng3+ 40. Rxg3 Bxg3 41. Qe8+ Qf8 42. Qxf8+ Rxf8 43. Kg2 Bh4 44. Re2 Kg8 45. c4 a5 46. c5 Rxf2+ 47. Rxf2 Bxf2 48. Kxf2 Kf7 49. Ke3 Ke6 50. Ke4 h5 51. Kd4 h4 52. Kc4 Kd7 53. Kb5 Kc7 54. Kxa5 h3 55. b4 h2 56. b5 h1Q 57. c6 Qa1+ 58. Kb4 Qxb2+ 59. Kc5 Qc3+ 60. Kd5 Qb4 61. Ke5 0-1

[Event "Gaia Profigaia op 9th"]
[Site "Vila Nova de Gaia"]
[Date "2016.06.25"]
[Round "3"]
[White "Guimaraes, Rui"]
[Black "Oliveira, Maria Alice Ramos"]
[Result "0-1"]
[WhiteElo "2119"]
[BlackElo "1759"]
[PlyCount "148"]
[EventDate "2016.06.24"]
[EventType "swiss"]
[EventRounds "7"]
[EventCountry "POR"]
[SourceTitle "EXT 2018"]
[Source "ChessBase"]
[SourceDate "2017.10.13"]
[SourceVersion "1"]
[SourceVersionDate "2017.10.13"]
[SourceQuality "1"]

1. f4 Nf6 2. Nf3 g6 3. d3 Bg7 4. e4 0-0 5. Be2 c5 6. 0-0 Nc6 7. Qe1 d5 8. e5 Ne8 9. c3 d4 10. Na3 dxc3 11. bxc3 f6 12. Qg3 Nc7 13. d4 cxd4 14. Bc4+ Be6 15. Bxe6+ Nxe6 16. Rd1 d3 17. Be3 Qa5 18. Nc4 Qd5 19. Nb2 fxe5 20. Nxd3 exf4 21. Nxf4 Qf5 22. Nxe6 Qxe6 23. Ng5 Qf5 24. Qh4 h6 25. Qc4+ Kh8 26. Ne6 Rf6 27. Nxg7 Kxg7 28. Qb3 Qe6 29. c4 Kh7 30. Bd2 b6 31. Re1 Qd6 32. Rad1 Qc7 33. Qh3 h5 34. Bc3 Rd6 35. Rc1 Rad8 36. Qf3 e6 37. a3 R8d7 38. Bb2 Rf7 39. Qc3 e5 40. Kh1 Rdf6 41. c5 Qe7 42. cxb6 axb6 43. Qe3 Qb7 44. h3 Qa6 45. Qe4 Rf1+ 46. Kh2 Rxe1 47. Qxe1 Qb5 48. Qc3 Nd4 49. Re1 Qd5 50. Qg3 Nc6 51. Bc1 Rf5 52. Qe3 g5 53. Qxb6 Kg6 54. Qe3 Nd4 55. Re2 Nxe2 56. Qxe2 Qc6 57. Bd2 Qd6 58. Bb4 Qc6 59. Qd2 e4 60. Qd8 Rf7 61. Qg8+ Rg7 62. Qb3 Rf7 63. Qe3 Qc7+ 64. Kg1 Qc6 65. a4 Qc4 66. Qe1 e3 67. Bd6 e2 68. Qb1+ Kh6 69. Qb6 e1Q+ 70. Kh2 Qce6 71. Qc5 Rf1 72. Bf8+ Kg6 73. Qc2+ Q1e4 74. Qc7 Q4e5+ 0-1

[Event "Gaia Profigaia op 9th"]
[Site "Vila Nova de Gaia"]
[Date "2016.06.25"]
[Round "2"]
[White "Pipiras, Filipa Fortuna"]
[Black "Guimaraes, Rui"]
[Result "0-1"]
[WhiteElo "1549"]
[BlackElo "2119"]
[PlyCount "122"]
[EventDate "2016.06.24"]
[EventType "swiss"]
[EventRounds "7"]
[EventCountry "POR"]
[SourceTitle "EXT 2018"]
[Source "ChessBase"]
[SourceDate "2017.10.13"]
[SourceVersion "1"]
[SourceVersionDate "2017.10.13"]
[SourceQuality "1"]

1. e4 d6 2. d4 Nf6 3. Nc3 c6 4. Bd3 Qb6 5. Nf3 Bg4 6. Be2 Nbd7 7. 0-0 e5 8. dxe5 dxe5 9. Nd2 Bxe2 10. Qxe2 Be7 11. Nb3 0-0 12. Be3 Qc7 13. Rad1 b5 14. Nd2 Nc5 15. Bxc5 Bxc5 16. Nb3 Bb6 17. Nb1 Rfd8 18. Rd2 Nd7 19. Rfd1 Nf8 20. Rxd8 Rxd8 21. Rxd8 Qxd8 22. Qd2 Qh4 23. Qe1 Ne6 24. Nc1 Qg5 25. Ne2 Qg6 26. Nd2 h5 27. Kh1 Nc5 28. Ng3 Ba5 29. c3 Nd3 30. Qe3 Nxb2 31. Qxa7 Bxc3 32. Nf3 Nc4 33. Nf5 Qf6 34. Qb8+ Kh7 35. h4 Bd2 36. Ng3 g6 37. Qf8 Bh6 38. Ng5+ Bxg5 39. hxg5 Qxf2 40. Qh6+ Kg8 41. Nf5 Qf1+ 42. Kh2 Qf4+ 43. g3 Qf2+ 44. Kh1 Qf3+ 45. Kh2 gxf5 46. g6 Qe2+ 47. Kg1 Qe1+ 48. Kh2 Qd2+ 49. Qxd2 Nxd2 50. exf5 fxg6 51. fxg6 c5 52. Kg2 c4 53. g7 c3 54. a4 bxa4 55. g4 c2 56. g5 c1Q 57. g6 Qf1+ 58. Kh2 Qf2+ 59. Kh1 Qe2 60. Kg1 Nf3+ 61. Kh1 Qh2# 0-1

[Event "POR-ch final"]
[Site "Mirandela"]
[Date "2015.11.12"]
[Round "1"]
[White "Campora, Daniel Hugo"]
[Black "Guimaraes, Rui"]
[Result "1-0"]
[WhiteElo "2462"]
[BlackElo "2124"]
[PlyCount "75"]
[EventDate "2015.11.12"]
[EventType "tourn"]
[EventRounds "5"]
[EventCountry "POR"]
[EventCategory "4"]
[SourceTitle "CBM 169 Extra"]
[Source "ChessBase"]
[SourceDate "2015.12.18"]
[SourceVersion "1"]
[SourceVersionDate "2015.12.18"]
[SourceQuality "1"]

1. e4 c5 2. Nf3 d6 3. g3 Nf6 4. d3 Nc6 5. Bg2 Bg4 6. h3 Bh5 7. 0-0 e6 8. g4 Bg6 9. Nh4 Nd7 10. Nxg6 hxg6 11. f4 Qb6 12. c4 0-0-0 13. Nc3 Nd4 14. Be3 Nb8 15. Na4 Qc7 16. b4 f6 17. Rb1 e5 18. Nc3 Qd7 19. Nd5 Be7 20. Rf2 Na6 21. Rfb2 cxb4 22. Bxd4 exd4 23. Qf3 Rh7 24. Nxb4 Nxb4 25. Rxb4 b6 26. Rb5 Qc6 27. a4 Rdh8 28. Qg3 Bd8 29. e5 Qc7 30. a5 dxe5 31. axb6 axb6 32. Qf3 g5 33. fxe5 g6 34. Ra1 Kd7 35. Rd5+ Ke8 36. Ra8 Rd7 37. Qxf6 Rf8 38. Qe6+ 1-0

[Event "POR-ch final"]
[Site "Mirandela"]
[Date "2015.11.12"]
[Round "2"]
[White "Ferreira, Jorge Viterbo"]
[Black "Guimaraes, Rui"]
[Result "1-0"]
[WhiteElo "2488"]
[BlackElo "2124"]
[PlyCount "97"]
[EventDate "2015.11.12"]
[EventType "tourn"]
[EventRounds "5"]
[EventCountry "POR"]
[EventCategory "4"]
[SourceTitle "CBM 169 Extra"]
[Source "ChessBase"]
[SourceDate "2015.12.18"]
[SourceVersion "1"]
[SourceVersionDate "2015.12.18"]
[SourceQuality "1"]

1. d4 Nf6 2. Nf3 g6 3. c4 c5 4. Nc3 Bg7 5. d5 d6 6. e4 b5 7. cxb5 a6 8. a4 Bd7 9. Bd2 0-0 10. Be2 axb5 11. axb5 Rxa1 12. Qxa1 Qb6 13. 0-0 Ne8 14. Qa4 Nc7 15. Ra1 Bxc3 16. bxc3 Bxb5 17. Qb3 c4 18. Bxc4 Qc5 19. Bxb5 Qxb5 20. Qxb5 Nxb5 21. c4 Nc7 22. Ra7 Nba6 23. Nd4 Ra8 24. Rxa8+ Nxa8 25. Nc6 Kf8 26. Bg5 f6 27. Be3 Ke8 28. f4 Kd7 29. Kf2 e6 30. g4 N8c7 31. f5 e5 32. fxg6 hxg6 33. h4 Ke8 34. Na5 Kf7 35. Nb7 Ne8 36. Bc1 Nc5 37. Nxc5 dxc5 38. Ke2 Nd6 39. Kd3 Nb7 40. Be3 f5 41. exf5 gxf5 42. gxf5 Kf6 43. h5 Kxf5 44. h6 e4+ 45. Ke2 Kg6 46. Bf4 Kf7 47. d6 e3 48. d7 Nd8 49. Bg5 1-0

[Event "Portugal op"]
[Site "Oeiras"]
[Date "2015.09.04"]
[Round "8"]
[White "Guimaraes, Rui"]
[Black "Veiga, Jose Francisco RP"]
[Result "1-0"]
[WhiteElo "2144"]
[BlackElo "1801"]
[PlyCount "67"]
[EventDate "2015.08.30"]
[EventType "swiss"]
[EventRounds "9"]
[EventCountry "POR"]
[SourceTitle "EXT 2016"]
[Source "ChessBase"]
[SourceDate "2015.10.08"]
[SourceVersion "1"]
[SourceVersionDate "2015.10.08"]
[SourceQuality "1"]

1. e4 g6 2. f4 d5 3. exd5 Qxd5 4. Nc3 Qd8 5. b3 Bg7 6. Bb2 Nf6 7. Bc4 0-0 8. Nf3 Nh5 9. 0-0 Nxf4 10. Ng5 e5 11. Nxf7 Rxf7 12. Bxf7+ Kxf7 13. Ne2 Kg8 14. Nxf4 exf4 15. Bxg7 Kxg7 16. Rxf4 Nc6 17. Qf3 Be6 18. Rf1 Qd5 19. Qe3 Rd8 20. c3 Bf5 21. Rxf5 gxf5 22. Qg5+ Kh8 23. Qf6+ Kg8 24. Rxf5 Qxf5 25. Qxf5 Kg7 26. d4 Rf8 27. Qg5+ Kf7 28. Qf4+ Kg7 29. Qxc7+ Rf7 30. Qg3+ Kf8 31. d5 Ne7 32. Qb8+ Kg7 33. Qxb7 Nf5 34. Qb4 1-0

[Event "Portugal op"]
[Site "Oeiras"]
[Date "2015.09.03"]
[Round "7"]
[White "Antunes, Ana"]
[Black "Guimaraes, Rui"]
[Result "0-1"]
[WhiteElo "1290"]
[BlackElo "2144"]
[PlyCount "74"]
[EventDate "2015.08.30"]
[EventType "swiss"]
[EventRounds "9"]
[EventCountry "POR"]
[SourceTitle "EXT 2016"]
[Source "ChessBase"]
[SourceDate "2015.10.08"]
[SourceVersion "1"]
[SourceVersionDate "2015.10.08"]
[SourceQuality "1"]

1. e4 c5 2. Nf3 d6 3. d4 cxd4 4. Nxd4 Nf6 5. Nc3 a6 6. Nf3 Nc6 7. h3 g6 8. Bc4 Bg7 9. 0-0 0-0 10. Re1 b5 11. Be2 b4 12. Nb1 Nxe4 13. Bc4 Nc5 14. a3 Bf5 15. Nh4 Be6 16. Bxe6 Nxe6 17. Nf3 a5 18. c3 bxc3 19. Nxc3 Rb8 20. Qd2 Ncd4 21. Re3 Nb3 22. Qd1 Nxa1 23. Na4 Bh6 24. Rc3 Bxc1 25. Qxc1 Nb3 26. Qc2 Nbd4 27. Nxd4 Nxd4 28. Qd2 e5 29. Rd3 Qd7 30. Nc3 d5 31. Re3 f6 32. Rd3 Rb3 33. Kh2 Rfb8 34. Nd1 Rxd3 35. Qxd3 Rb3 36. Qd2 Rxh3+ 37. gxh3 Nf3+ 0-1

[Event "Portugal op"]
[Site "Oeiras"]
[Date "2015.09.02"]
[Round "5"]
[White "Sousa, Andre Ventura"]
[Black "Guimaraes, Rui"]
[Result "1-0"]
[WhiteElo "2266"]
[BlackElo "2144"]
[PlyCount "123"]
[EventDate "2015.08.30"]
[EventType "swiss"]
[EventRounds "9"]
[EventCountry "POR"]
[SourceTitle "EXT 2016"]
[Source "ChessBase"]
[SourceDate "2015.10.08"]
[SourceVersion "1"]
[SourceVersionDate "2015.10.08"]
[SourceQuality "1"]

1. e4 c5 2. Nf3 d6 3. Bb5+ Bd7 4. Bxd7+ Qxd7 5. 0-0 Nc6 6. Re1 Nf6 7. c3 e6 8. c4 Nd4 9. Nc3 Be7 10. d3 0-0 11. h3 Ne8 12. Nxd4 cxd4 13. Ne2 e5 14. f4 b5 15. b3 Nc7 16. f5 a5 17. g4 Na6 18. g5 f6 19. h4 bxc4 20. bxc4 Qd8 21. Qd2 d5 22. exd5 fxg5 23. f6 Rxf6 24. Rf1 Bb4 25. Qd1 gxh4 26. Kh1 Qf8 27. Bg5 Rxf1+ 28. Qxf1 Be7 29. Bd2 Qxf1+ 30. Rxf1 Nb4 31. Bxb4 axb4 32. Nc1 Ra3 33. Nb3 Rxa2 34. c5 Rb2 35. d6 Bd8 36. Rc1 Ra2 37. c6 Ra8 38. Nc5 b3 39. Nxb3 Kf7 40. Nc5 Bg5 41. c7 Rc8 42. Rf1+ Bf6 43. d7 Rxc7 44. d8Q Rxc5 45. Qd7+ Kg6 46. Qg4+ Kf7 47. Qxh4 h6 48. Qh5+ Ke7 49. Ra1 Rc3 50. Ra7+ Kd6 51. Qf5 Rc7 52. Rxc7 Kxc7 53. Kg2 Kc6 54. Kf3 Kc5 55. Ke4 Kb4 56. Qe6 h5 57. Qc4+ Ka3 58. Qb5 h4 59. Kd5 h3 60. Kc4 Ka2 61. Qb3+ Ka1 62. Qc2 1-0

[Event "Portugal op"]
[Site "Oeiras"]
[Date "2015.08.31"]
[Round "3"]
[White "Silva, Mariana Sofia Teixe"]
[Black "Guimaraes, Rui"]
[Result "0-1"]
[WhiteElo "1839"]
[BlackElo "2144"]
[PlyCount "60"]
[EventDate "2015.08.30"]
[EventType "swiss"]
[EventRounds "9"]
[EventCountry "POR"]
[SourceTitle "EXT 2016"]
[Source "ChessBase"]
[SourceDate "2015.10.08"]
[SourceVersion "1"]
[SourceVersionDate "2015.10.08"]
[SourceQuality "1"]

1. e4 c5 2. Nf3 d6 3. d4 cxd4 4. Nxd4 Nf6 5. Nc3 a6 6. Be3 e5 7. Nb3 Be6 8. f3 h5 9. Qd2 Nbd7 10. 0-0-0 Rc8 11. h3 b5 12. Nd5 Nxd5 13. exd5 Bf5 14. Bd3 Bxd3 15. Qxd3 h4 16. f4 Be7 17. Kb1 Bf6 18. fxe5 Nxe5 19. Qe4 0-0 20. Rhf1 Re8 21. Qf5 a5 22. Nd4 b4 23. Bf4 Rc5 24. Nf3 g6 25. Qe4 Nc4 26. Qd3 Nxb2 27. Qb3 Re4 28. Nd2 Rxf4 29. Rxf4 Nxd1 30. Qf3 Nc3+ 0-1